Statistiques concernant Villes d'Auvergne-Rhône-Alpes A-Z

Cliquez ici pour prendre le quiz!

Statistiques générales

  • Ce quiz a été pris 417 fois
  • Le résultat moyen est 11 sur 22

Statistiques - réponses

Ville% Correct
AAnnecyHaute-Savoie128 000
93%
CClermont-FerrandPuy-de-Dôme147 000
91%
GGrenobleIsère160 000
91%
LLyonMétropole de Lyon519 000
89%
BBourg-en-BresseAin43 000
86%
VVilleurbanneMétropole de Lyon148 000
83%
SSaint-ÉtienneLoire173 000
82%
MMontélimarDrôme39 000
64%
RRoanneLoire34 000
59%
EÉchirollesIsère37 000
56%
IIssoirePuy-de-Dôme15 000
46%
TThonon-les-BainsHaute-Savoie36 000
43%
OOullinsMétropole de Lyon27 000
41%
FFirminyLoire23 000
37%
NNyonsDrôme7 000
27%
YYzeureAllier13 000
27%
DDécines-CharpieuMétropole de Lyon29 000
21%
PPassyHaute-Savoie11 000
8%
UUnieuxLoire9 000
7%
HHeyrieuxIsère5 000
4%
JJassans-RiottierAin6 000
4%
QQuintenasArdèche2 000
1%

Distribution des résultats

Percentile par nombre de réponses

% des personnes avec chaque résultat

Votre développement - résultats

Vous n’avez pas pris ce quiz